| 000 | 01518nam a22002297a 4500 | ||
|---|---|---|---|
| 005 | 20260108151703.0 | ||
| 006 | |||
| 008 | s2019 nyu ob 001 0 eng d | ||
| 020 | _a9780190926854 | ||
| 040 |
_aGR-AtMCL _beng _dGR-AtMCL |
||
| 100 |
_aFaulkner, Cynthia A. _910229 |
||
| 245 | 1 | 0 |
_aAddictions counseling _b: a competency-based approach / _cCynthia A. Faulkner, Samuel S. Faulkner. |
| 264 | 1 |
_aNew York, NY : _bOxford University Press, _c2019 |
|
| 300 |
_a237 p.; _c24 cm |
||
| 504 | _aIncludes bibliographical references and index. | ||
| 505 | 0 | _aCompetencies, standards, and case scenario -- Intake -- Assessment -- Diagnosis, placement and treatment planning -- Addiction theory and counseling approaches -- Individual counseling, treatment plan review, and documentation -- Group counseling -- Family counseling -- Recovery and relapse dynamics -- Discharge planning and aftercare -- Co-occurring disorders -- Diversity issues -- Drug classifications -- Emerging fields of addiction -- Certification as a substance abuse counselor. | |
| 520 | _aThis book is a unique approach in that it follows a client through the counselling process (intake, assessment, individual, group, family counselling, and then discharge and relapse prevention planning). Along the way, readers are introduced to theories, techniques and hands-on examples of what is required in the counselling process. | ||
| 650 | 0 |
_aPsychology _910056 |
|
| 700 |
_aFaulkner, Samuel S. _910230 |
||
| 942 | _cBK | ||
| 999 |
_c10022 _d10022 |
||